[Event "HUN-chT2 Asztalos 1617"]
[Site "Hungary"]
[Date "2017.02.26"]
[Round "9.3"]
[White "Zsigmond, Karoly"]
[Black "Hovorka, Tamas"]
[Result "0-1"]
[WhiteElo "2034"]
[BlackElo "2072"]
[PlyCount "50"]
[EventDate "2016.09.25"]
[EventType "team-tourn"]
[EventRounds "11"]
[EventCountry "HUN"]
[SourceTitle "EXT 2021"]
[Source "ChessBase"]
[SourceDate "2020.10.23"]
[SourceVersion "1"]
[SourceVersionDate "2020.10.23"]
[SourceQuality "1"]
[WhiteTeam "Kiraly Sakk"]
[BlackTeam "Pecs Karmin"]
[WhiteTeamCountry "HUN"]
[BlackTeamCountry "HUN"]

1. d4 d5 2. c4 e6 3. Nc3 Nf6 4. g3 c6 5. cxd5 exd5 6. Bg2 Bd6 7. Nf3 h6 8. 0-0 0-0 9. Qc2 Re8 10. a4 a5 11. Re1 Na6 12. Bd2 Nb4 13. Qb3 Bf5 14. Rac1 Ra6 15. Nh4 Bh7 16. f4 Qb6 17. Nf3 c5 18. Nb5 c4 19. Qd1 Ne4 20. Bc3 Qd8 21. Bf1 Bb8 22. Nd2 Bxf4 23. gxf4 Qh4 24. Nxe4 Bxe4 25. e3 Rg6+ 0-1

[Event "HUN-chT2 Asztalos 1415"]
[Site "Hungary"]
[Date "2014.10.12"]
[Round "1"]
[White "Zsigmond, Karoly"]
[Black "Hovorka, Tamas"]
[Result "0-1"]
[WhiteElo "2060"]
[BlackElo "2081"]
[PlyCount "36"]
[EventDate "2014.10.12"]
[EventType "team-tourn"]
[EventRounds "9"]
[EventCountry "HUN"]
[SourceTitle "EXT 2016"]
[Source "ChessBase"]
[SourceDate "2015.10.08"]
[SourceVersion "1"]
[SourceVersionDate "2015.10.08"]
[SourceQuality "1"]
[WhiteTeam "Dunaujvaros"]
[BlackTeam "Pecs Karmin"]
[WhiteTeamCountry "HUN"]
[BlackTeamCountry "HUN"]

1. e4 d6 2. d4 g6 3. f4 Bg7 4. Nf3 Nc6 5. Bc4 e6 6. 0-0 Nge7 7. c3 0-0 8. Nbd2 Na5 9. Bd3 c5 10. dxc5 dxc5 11. Nc4 b5 12. Nxa5 Qxa5 13. Qe2 c4 14. Bc2 Ba6 15. a3 b4 16. cxb4 c3 17. Bd3 cxb2 18. Bxb2 Qb6+ 0-1

[Event "HUN-chT2 Asztalos 0506"]
[Site "Hungary"]
[Date "2006.02.12"]
[Round "7"]
[White "Tesinszky, Gyorgy"]
[Black "Hovorka, Tamas"]
[Result "1-0"]
[WhiteElo "2154"]
[BlackElo "2109"]
[PlyCount "107"]
[EventDate "2005.10.16"]
[EventType "team"]
[EventRounds "11"]
[EventCountry "HUN"]
[SourceTitle "EXT 2009"]
[Source "ChessBase"]
[SourceDate "2008.11.26"]
[SourceVersion "1"]
[SourceVersionDate "2008.11.26"]
[SourceQuality "1"]
[WhiteTeam "Komlo Banyasz"]
[BlackTeam "Szekszard"]
[WhiteTeamCountry "HUN"]
[BlackTeamCountry "HUN"]

1. e4 d6 2. d4 g6 3. f4 Bg7 4. Nf3 Nc6 5. Bc4 e6 6. 0-0 Nge7 7. e5 0-0 8. c3 Na5 9. Bd3 c5 10. Qe2 Nac6 11. Be3 cxd4 12. Bxd4 dxe5 13. fxe5 Nf5 14. Bc5 Re8 15. g4 Nh6 16. h3 b6 17. Be3 Bb7 18. Be4 Qc7 19. Na3 Rad8 20. Nb5 Qb8 21. Nd6 Rxd6 22. exd6 Qxd6 23. Rad1 Qg3+ 24. Qg2 Qxg2+ 25. Kxg2 f5 26. Bxc6 Bxc6 27. Bxh6 Bxh6 28. gxf5 gxf5 29. Rfe1 Kf7 30. Kf2 Bxf3 31. Kxf3 e5 32. Rd7+ Kf6 33. Rxh7 e4+ 34. Ke2 Kg6 35. Rxa7 f4 36. Rd7 Re6 37. Red1 f3+ 38. Kf2 Bg5 39. Kg3 Bf6 40. Rg1 Kf5 41. Rd5+ Be5+ 42. Kf2 Rh6 43. Rxe5+ Kxe5 44. Rg5+ Kd6 45. Ke3 Rf6 46. Rg1 Ke5 47. h4 Kf5 48. Rg5+ Ke6 49. Rg1 Kf5 50. a4 Rh6 51. Rg5+ Ke6 52. Rg4 Rf6 53. Rxe4+ Kd5 54. Rd4+ 1-0

[Event "HUN-chT2 Asztalos 0506"]
[Site "Hungary"]
[Date "2006.01.22"]
[Round "6"]
[White "Fehervari, Istvan"]
[Black "Hovorka, Tamas"]
[Result "0-1"]
[WhiteElo "2122"]
[BlackElo "2109"]
[PlyCount "72"]
[EventDate "2005.10.16"]
[EventType "team"]
[EventRounds "11"]
[EventCountry "HUN"]
[SourceTitle "EXT 2009"]
[Source "ChessBase"]
[SourceDate "2008.11.26"]
[SourceVersion "1"]
[SourceVersionDate "2008.11.26"]
[SourceQuality "1"]
[WhiteTeam "Fehervar"]
[BlackTeam "Szekszard"]
[WhiteTeamCountry "HUN"]
[BlackTeamCountry "HUN"]

1. d4 d6 2. e4 g6 3. Nc3 Bg7 4. f4 Nc6 5. Nf3 Bg4 6. Be3 e5 7. fxe5 dxe5 8. d5 Nd4 9. Be2 Nxe2 10. Qxe2 Qd7 11. 0-0 f5 12. Qb5 c6 13. dxc6 Qxc6 14. h3 Bxf3 15. Qxc6+ bxc6 16. Rxf3 f4 17. Bc5 Nf6 18. Rd3 Kf7 19. Rad1 Rhc8 20. Kf2 Bf8 21. Bxf8 Kxf8 22. Kf3 g5 23. Na4 h5 24. Nc5 g4+ 25. hxg4 hxg4+ 26. Ke2 Kg7 27. Rd6 Rab8 28. Rxf6 Kxf6 29. Nd7+ Ke6 30. Nxb8 Rxb8 31. b3 Rh8 32. Kf2 Ke7 33. c4 Rd8 34. Rxd8 Kxd8 35. b4 Kc7 36. a4 Kb6 0-1

[Event "HUN-chT2 Asztalos 0405"]
[Site "Hungary"]
[Date "2005.02.06"]
[Round "7"]
[White "Hovorka, Tamas"]
[Black "Botos, Ferenc"]
[Result "0-1"]
[WhiteElo "2113"]
[BlackElo "2206"]
[PlyCount "116"]
[EventDate "2004.09.26"]
[EventType "team"]
[EventRounds "11"]
[EventCountry "HUN"]
[SourceTitle "EXT 2009"]
[Source "ChessBase"]
[SourceDate "2008.11.26"]
[SourceVersion "1"]
[SourceVersionDate "2008.11.26"]
[SourceQuality "1"]
[WhiteTeam "Szekszard"]
[BlackTeam "Fehervar"]
[WhiteTeamCountry "HUN"]
[BlackTeamCountry "HUN"]

1. d4 Nf6 2. c4 e6 3. Nc3 Bb4 4. Bd2 Qe7 5. e3 0-0 6. Bd3 d6 7. a3 Bxc3 8. Bxc3 e5 9. Ne2 Bg4 10. f3 e4 11. fxe4 Nxe4 12. Qc2 Nxc3 13. Qxc3 Re8 14. Qd2 Qxe3 15. Qxe3 Rxe3 16. Kd2 Re8 17. Nc3 Nc6 18. Nb5 Rec8 19. Be4 Bd7 20. Kd3 a6 21. Nc3 Re8 22. Rae1 Nd8 23. b4 Rb8 24. Re3 Ne6 25. Rhe1 Ng5 26. Kd2 Nxe4+ 27. Rxe4 Rxe4 28. Rxe4 Bc6 29. Re7 Rc8 30. d5 Be8 31. c5 dxc5 32. bxc5 Kf8 33. Re4 Rd8 34. Ke3 a5 35. a4 f6 36. Rd4 Ke7 37. Kd3 Bf7 38. Ke4 Bg6+ 39. Ke3 Kd7 40. Nb5 Re8+ 41. Kf3 Re1 42. Na7 Rc1 43. c6+ bxc6 44. dxc6+ Ke6 45. Rd8 Ke5 46. Rc8 Rc3+ 47. Kf2 Rc2+ 48. Ke3 Kd6 49. Nb5+ Kxc6 50. Rxc7+ Kb6 51. Rxg7 Rxg2 52. Re7 Rxh2 53. Re6+ Kc5 54. Rxf6 Rh4 55. Nc3 Rh3+ 56. Rf3 Rxf3+ 57. Kxf3 Kb4 58. Nd1 Bh5+ 0-1

[Event "HUN-chT2 Asztalos 0405"]
[Site "Hungary"]
[Date "2004.12.05"]
[Round "4"]
[White "Hovorka, Tamas"]
[Black "Katona, Ferenc"]
[Result "1/2-1/2"]
[WhiteElo "2113"]
[BlackElo "2214"]
[PlyCount "134"]
[EventDate "2004.09.26"]
[EventType "team"]
[EventRounds "11"]
[EventCountry "HUN"]
[SourceTitle "EXT 2009"]
[Source "ChessBase"]
[SourceDate "2008.11.26"]
[SourceVersion "1"]
[SourceVersionDate "2008.11.26"]
[SourceQuality "1"]
[WhiteTeam "Szekszard"]
[BlackTeam "Kiraly Sakk"]
[WhiteTeamCountry "HUN"]
[BlackTeamCountry "HUN"]

1. d4 f5 2. c4 g6 3. g3 Nf6 4. Bg2 e6 5. Nc3 Bg7 6. e3 0-0 7. Nge2 d5 8. c5 b6 9. b4 a5 10. Ba3 axb4 11. Bxb4 Na6 12. Ba3 bxc5 13. Na4 Nd7 14. Nf4 Qf6 15. Nxd5 exd5 16. Bxd5+ Kh8 17. Bxa8 Re8 18. 0-0 c6 19. Qf3 cxd4 20. Qxc6 dxe3 21. Qxf6 Nxf6 22. fxe3 Bd7 23. Bb7 Bxa4 24. Bxa6 Ng4 25. Rab1 Bc2 26. Rb4 h5 27. Bb2 Ra8 28. Bxg7+ Kxg7 29. Rb2 Be4 30. Bb5 Nxe3 31. Re1 Ng4 32. a4 h4 33. Rxe4 fxe4 34. Rb4 hxg3 35. hxg3 Nf6 36. Bc6 Rc8 37. Bxe4 Rc3 38. Kg2 Ra3 39. Rb7+ Kh6 40. Rb4 Ra2+ 41. Kh3 Ra3 42. Bc2 Rc3 43. Bd1 Rd3 44. Bg4 Ra3 45. Kg2 Ra2+ 46. Kf3 Ra3+ 47. Kg2 Ra2+ 48. Kh3 Ra3 49. Rd4 Kg5 50. Bd1 Ra1 51. g4 Ra3+ 52. Kg2 Kh4 53. Kf2 Kg5 54. Ke1 Ra2 55. Be2 Kh4 56. Kd1 Kg5 57. Rc4 Kh4 58. Bf3 Nd7 59. Rb4 Nc5 60. Bc6 g5 61. Bb5 Rg2 62. Be2 Rg1+ 63. Kc2 Ra1 64. Bb5 Ra2+ 65. Kc3 Ra3+ 66. Kc4 Nxa4 67. Bxa4 Kxg4 1/2-1/2

[Event "HUN-chT2 Asztalos 0304"]
[Site "Hungary"]
[Date "2004.03.21"]
[Round "9"]
[White "Hovorka, Tamas"]
[Black "Czibulka, Zoltan"]
[Result "0-1"]
[WhiteElo "2104"]
[BlackElo "2197"]
[PlyCount "110"]
[EventDate "2003.08.29"]
[EventType "team"]
[EventRounds "11"]
[EventCountry "HUN"]
[SourceTitle "EXT 2009"]
[Source "ChessBase"]
[SourceDate "2008.11.26"]
[SourceVersion "1"]
[SourceVersionDate "2008.11.26"]
[SourceQuality "1"]
[WhiteTeam "Gepelem"]
[BlackTeam "Kalocsa"]
[WhiteTeamCountry "HUN"]
[BlackTeamCountry "HUN"]

1. d4 e6 2. Nf3 d5 3. c3 c5 4. e3 Nc6 5. Bb5 Bd7 6. 0-0 Nf6 7. Bxc6 Bxc6 8. Ne5 Bd6 9. f4 g6 10. Nd2 Bb5 11. Rf2 h5 12. Qb3 a6 13. a4 Bxe5 14. fxe5 Ng4 15. axb5 Nxf2 16. Kxf2 Qh4+ 17. Kf1 Qxh2 18. Nf3 Qh1+ 19. Kf2 h4 20. bxa6 h3 21. Qb5+ Kf8 22. Qf1 hxg2 23. Qxg2 Rxa6 24. Rxa6 bxa6 25. Bd2 Qxg2+ 26. Kxg2 c4 27. Ng5 Rh4 28. Nh3 Kg7 29. Be1 Rh8 30. Bd2 Rh5 31. Kg3 g5 32. e4 Kg6 33. exd5 exd5 34. Kg4 Rh4+ 35. Kg3 Kf5 36. Nf2 a5 37. Be3 a4 38. Bd2 Rh8 39. Nh3 Rb8 40. Bc1 Rb3 41. Nf2 a3 42. Nd1 a2 43. Ne3+ Kg6 44. Nc2 Rb8 45. Kg2 Ra8 46. Na1 Kf5 47. Kg3 Rh8 48. Kg2 f6 49. exf6 Kxf6 50. Be3 Rb8 51. Bc1 Kf5 52. Kg3 Ke4 53. b4 cxb3 54. Bb2 Kd3 55. Kg4 Kc4 0-1

[Event "HUN-chT2 Asztalos 0304"]
[Site "Hungary"]
[Date "2003.12.07"]
[Round "5"]
[White "Nogradi, Gabor"]
[Black "Hovorka, Tamas"]
[Result "1/2-1/2"]
[WhiteElo "2118"]
[BlackElo "2104"]
[PlyCount "27"]
[EventDate "2003.08.29"]
[EventType "team"]
[EventRounds "11"]
[EventCountry "HUN"]
[SourceTitle "EXT 2009"]
[Source "ChessBase"]
[SourceDate "2008.11.26"]
[SourceVersion "1"]
[SourceVersionDate "2008.11.26"]
[SourceQuality "1"]
[WhiteTeam "Pecs Karmin"]
[BlackTeam "Gepelem"]
[WhiteTeamCountry "HUN"]
[BlackTeamCountry "HUN"]

1. Nf3 d6 2. c4 g6 3. Nc3 Bg7 4. d4 Nc6 5. e4 e5 6. d5 Nb8 7. Be2 Ne7 8. 0-0 0-0 9. Ne1 f5 10. f3 f4 11. Bd2 g5 12. b4 c6 13. Nd3 Kh8 14. Be1 1/2-1/2

[Event "HUN-chT2 Asztalos 0203"]
[Site "Hungary"]
[Date "2003.03.02"]
[Round "8"]
[White "Hovorka, Tamas"]
[Black "Raffay, Gabor"]
[Result "1-0"]
[WhiteElo "2080"]
[BlackElo "2156"]
[PlyCount "77"]
[EventDate "2002.09.22"]
[EventType "team"]
[EventRounds "11"]
[EventCountry "HUN"]
[SourceTitle "EXT 2009"]
[Source "ChessBase"]
[SourceDate "2008.11.26"]
[SourceVersion "1"]
[SourceVersionDate "2008.11.26"]
[SourceQuality "1"]

1. d4 Nf6 2. Nf3 g6 3. c4 c5 4. Nc3 Bg7 5. d5 e6 6. e4 exd5 7. exd5 d6 8. Bd3 0-0 9. 0-0 Na6 10. a3 Nc7 11. Rb1 a6 12. Bg5 h6 13. Bd2 Bd7 14. Bf4 Be8 15. Ne4 Nxe4 16. Bxe4 g5 17. Be3 f5 18. Bc2 Bh5 19. Qd2 Bxf3 20. gxf3 f4 21. Qd3 Rf7 22. Bd2 Qd7 23. Qh7+ Kf8 24. Bg6 Re7 25. Bf5 Qe8 26. Rfe1 Re5 27. Bc3 Qh5 28. Bxe5 dxe5 29. Bg4 Qh4 30. Qg6 Ne8 31. d6 Rd8 32. d7 Nf6 33. Be6 Rxd7 34. Bxd7 Nxd7 35. Rbd1 Qh3 36. Rd3 e4 37. Rxe4 Ne5 38. Qd6+ Kf7 39. Rxe5 1-0

[Event "HUN-chT2 Asztalos 0203"]
[Site "Hungary"]
[Date "2002.09.22"]
[Round "1"]
[White "Hovorka, Tamas"]
[Black "Halasz, Ferenc"]
[Result "1/2-1/2"]
[WhiteElo "2080"]
[BlackElo "2155"]
[PlyCount "94"]
[EventDate "2002.09.22"]
[EventType "team"]
[EventRounds "11"]
[EventCountry "HUN"]
[SourceTitle "EXT 2009"]
[Source "ChessBase"]
[SourceDate "2008.11.26"]
[SourceVersion "1"]
[SourceVersionDate "2008.11.26"]
[SourceQuality "1"]

1. d4 d5 2. Nf3 e6 3. c3 c5 4. Bg5 Qb6 5. Qc2 Nc6 6. e3 Bd6 7. Bh4 Bd7 8. Nbd2 Rc8 9. Qb1 Nge7 10. Bd3 f5 11. Bg3 Bb8 12. Bxb8 Rxb8 13. 0-0 c4 14. Be2 Qc7 15. Qc2 0-0 16. a4 Ng6 17. b3 cxb3 18. Qxb3 Na5 19. Qb4 Nc6 20. Qa3 Rfc8 21. c4 Nce7 22. Rfc1 Bc6 23. Nb3 Rd8 24. Qa2 Qd6 25. Na5 Qd7 26. h4 h6 27. h5 Nh8 28. Ne5 Qd6 29. f4 Nf7 30. Naxc6 bxc6 31. c5 Qc7 32. Qc2 Nxe5 33. fxe5 Rb4 34. Rcb1 Rdb8 35. Rxb4 Rxb4 36. Rb1 Qb7 37. Rxb4 Qxb4 38. Kf2 Kf7 39. Bd3 g6 40. hxg6+ Kxg6 41. Qd1 Qb2+ 42. Qe2 Qxe2+ 43. Bxe2 a5 44. Kg3 Kg5 45. Ba6 Kh5 46. Kf3 Kg5 47. Be2 Ng6 1/2-1/2

[Event "HUN-chT3 9899"]
[Site "Hungary"]
[Date "1999.??.??"]
[Round "2"]
[White "Horvath, Tamas"]
[Black "Hovorka, Tamas"]
[Result "1-0"]
[WhiteElo "2406"]
[BlackElo "2014"]
[PlyCount "65"]
[EventDate "1998.09.??"]
[EventType "team"]
[EventRounds "11"]
[EventCountry "HUN"]
[SourceTitle "EXT 2001"]
[Source "ChessBase"]
[SourceDate "2000.11.22"]
[SourceVersion "1"]
[SourceVersionDate "2000.11.22"]
[SourceQuality "1"]

1. e4 b6 2. Nf3 Bb7 3. d3 e6 4. g3 d5 5. e5 d4 6. Bg2 Nd7 7. 0-0 c5 8. Re1 Qc7 9. c3 Rd8 10. cxd4 Bxf3 11. Qxf3 cxd4 12. Nd2 Bb4 13. a3 Nxe5 14. Qh5 Bd6 15. Ne4 Nd7 16. Nxd6+ Qxd6 17. Qg4 Kf8 18. Bf4 e5 19. Bd2 Ngf6 20. Qf5 g6 21. Bh6+ Kg8 22. Qf3 Re8 23. Rac1 Qe7 24. Rc7 a5 25. Bh3 Rd8 26. Qc6 Nb8 27. Qb7 Nbd7 28. Rec1 Qe8 29. b4 axb4 30. axb4 Nf8 31. Rc8 N6d7 32. Bxd7 Qxd7 33. Qxd7 1-0